| 000 | 00528 a2200169 4500 | ||
|---|---|---|---|
| 040 |
_aDLC _bDLC |
||
| 082 | _a808.202 | ||
| 100 | 1 | _aWeidenborner, Stephen. | |
| 245 | 1 | 0 |
_aWriting research papers: a guide to the process _ba guide to the process _cStephen Weidenborner, Domenick Caruso. |
| 250 | _a5th ed. | ||
| 260 |
_aIslamabad : _bNational Book Foundation, _cc1997. |
||
| 300 |
_axv, 301 p. : _bill. ; _c24 cm. |
||
| 650 | 0 | _aReport writing. | |
| 650 | 0 | _aResearch. | |
| 700 | 1 | _aCaruso, Domenick. | |
| 942 |
_cBK _k808.202 WEI _2ddc |
||
| 999 |
_c4876 _d4876 |
||